Documento base para los talleres regionales /

El Consejo de Educación de Adultos de América Latina se prepara para su quinta asamblea general, a llevarse a cabo en Panamá, del 31 de agosto al 2 de septiembre de 2000. El presente material es la presentación de las ideas iniciales e información que serán punto de partida para la reflexión y el de...

Descripció completa

Guardat en:
Dades bibliogràfiques
Autor corporatiu: Asamblea General del CEAAL ( Panamá, Panamá)
Format: Actes de congresos Llibre
Idioma:espanyol
Publicat: México : Consejo de Educación de Adultos de América Latina, 2000
Matèries:
Etiquetes: Afegir etiqueta
Sense etiquetes, Sigues el primer a etiquetar aquest registre!

MARC

LEADER 00000nam^a2200000^a^4500
001 000396668
005 20250526000000.0
009 20260310121437.272
037 |a Acervo ITESO - Biblioteca 
041 |a ESP 
082 |a 361. 80980  |b ASA 2000 
111 |a Asamblea General del CEAAL (  |n 5a :  |d 2000 :  |c Panamá, Panamá) 
245 1 0 |a Documento base para los talleres regionales /  |c Asamblea General del CEAAL. 
264 1 |a México :  |b Consejo de Educación de Adultos de América Latina,  |c 2000 
300 |a 40 p. ;  |c 28.0 cm. 
336 |a texto  |b txt  |2 rdacontenido 
337 |a sin mediación  |b n  |2 rdamedio 
338 |a volumen  |b nc  |2 rdasoporte 
520 |a El Consejo de Educación de Adultos de América Latina se prepara para su quinta asamblea general, a llevarse a cabo en Panamá, del 31 de agosto al 2 de septiembre de 2000. El presente material es la presentación de las ideas iniciales e información que serán punto de partida para la reflexión y el debate en los talleres regionales que, a su vez, generarán aportes y propuestas para tomar decisiones en la Asamblea General. Los puntos que incluye versan sobre la democratización en América Latina, el papel de las ONGs, de la educación popular, de la educación de adultos, y del CEAAL en este contexto. 
649 |a XX 
650 |a Consejo de Educación de Adultos de América Latina -  |x Tema Principal 
650 |a Organizaciones No Gubernamentales -  |z Latinoamérica 
650 |a Sociedad Civil -  |z Latinoamérica 
650 |a Globalización -  |z Latinoamérica 
650 |a Educación y Promoción Popular -  |z Latinoamérica -  |x Tema Principal 
650 |a Metodología Educativa -  |z Latinoamérica 
650 |a Democratización de la Educación -  |z Latinoamérica 
650 |a Desarrollo Comunitario -  |z Latinoamérica 
650 |a Educación y Política -  |z Latinoamérica 
650 |a Educación de Adultos -  |z Latinoamérica 
650 |a Educación -  |z Latinoamérica 
910 |a Fondo Carlos Núñez Hurtado 
920 |a Impresos - Libros 
930 |a Libros Antiguos y Raros 
905 |a 108 
901 |a 0500292151  |b IT2  |c LRA  |i D82382  |u 20250526 
901 |a 0500292147  |b IT2  |c LRA  |i D82381  |u 20250526 
902 |a https://opac.biblio.iteso.mx/vufind/Record/000396668